| 000 -LEADER |
| fixed length control field |
00498cam a22001217a 4500 |
| 008 - FIXED-LENGTH DATA ELEMENTS--GENERAL INFORMATION |
| fixed length control field |
180718b1960 xxu||||| |||| 00| 0 eng d |
| 082 ## - DEWEY DECIMAL CLASSIFICATION NUMBER |
| Classification number |
D49x5 M864 |
| 100 ## - MAIN ENTRY--PERSONAL NAME |
| Personal name |
Mountbatten, Francis |
| 245 ## - TITLE STATEMENT |
| Title |
Report to the combined chiefs of staff by the Supreme Allied Commander South-East Asia, 1943-1945, Vice-Admiral the Earl Mountabatten of Bruma |
| Statement of responsibility, etc. |
by Francis Mountbatten |
| 260 ## - PUBLICATION, DISTRIBUTION, ETC. |
| Place of publication, distribution, etc. |
New Delhi |
| Name of publisher, distributor, etc. |
English Book Store |
| Date of publication, distribution, etc. |
1960 |
| 300 ## - PHYSICAL DESCRIPTION |
| Extent |
280p. |
| 650 ## - SUBJECT ADDED ENTRY--TOPICAL TERM |
| Topical term or geographic name entry element |
World War, 1939-45 - Campaigns - Asia, South - East |